000 00353nam a2200133 a 4500
005 20140414132051.0
008 110712s19uu xx 00 eng d
050 _aREF 031
_bCHI V.1
245 _aChildcraft: Once upon a time.
260 _aChicago :
_bWorld Book, Inc.,
_c1987.
440 _aChildcraft
650 _aStories and poems
999 _c114165
_d114165